Educational Psychology, (Record no. 4811)

MARC details
005 - DATE AND TIME OF LATEST TRANSACTION
control field 20250624100919.0
020 ## - INTERNATIONAL STANDARD BOOK NUMBER
International Standard Book Number 13:978-0-495-80838-1
082 ## - DEWEY DECIMAL CLASSIFICATION NUMBER
Classification number 370.15TUC
100 ## - MAIN ENTRY--PERSONAL NAME
Author name TUCKMAN, B.W.
245 ## - TITLE STATEMENT
Title Educational Psychology,
260 ## - PUBLICATION, DISTRIBUTION, ETC.
Place of publication, distribution, etc. New York,
Name of publisher, distributor, etc. Wadsworth Cengage Learning,
Date of publication, distribution, etc. 200.
300 ## - PHYSICAL DESCRIPTION
Extent xxxiii,558p,;ill,table,figure,picture,
Other physical details Reference &Index,
Dimensions 27cm.
700 ## - ADDED ENTRY--PERSONAL NAME
Other authors/Editors MONETTI, D.M.
942 ## - ADDED ENTRY ELEMENTS (KOHA)
Source of classification or shelving scheme Dewey Decimal Classification
Koha item type Books
Holdings
Date last seen Total checkouts Full call number Barcode Cost, replacement price Price effective from Koha item type Lost status Source of classification or shelving scheme Damaged status Not for loan Withdrawn status Home library Current library Shelving location Date acquired Cost, normal purchase price
06/24/2025   370.15TUC DOM0003635 195000.00 06/24/2025 Books   Dewey Decimal Classification       CBE Dodoma CBE Dodoma Special Reserve Collection 12/12/2020 65000.00